Southville International School and Colleges
Your cart is empty.
  • Cart
  • Lists
    Public lists Eva Luna New books Lux_list list_1
    Your lists Log in to create your own lists
  • Log in to your account
  • Your cookies
  • Search history
Southville International School and Colleges
  • Advanced search
  • Recent comments
  • Most popular
  • Libraries

Log in to your account

Log in with GOOGLE


If you do not have an external account, but do have a local account, you can still log in:

  1. Home
  2. MARC view: Buffalo hunt /
Normal view MARC view ISBD view

Buffalo hunt / (Record no. 34440)

[ view plain ]
MARC details
000 -LEADER
fixed length control field 01145cam a2200361 a 4500
001 - CONTROL NUMBER
control field 4315015
003 - CONTROL NUMBER IDENTIFIER
control field OSt
005 - DATE AND TIME OF LATEST TRANSACTION
control field 20140310184439.0
008 - FIXED-LENGTH DATA ELEMENTS--GENERAL INFORMATION
fixed length control field 871209s1988 nyua j 001 0 eng
010 ## - LIBRARY OF CONGRESS CONTROL NUMBER
LC control number 87035303
020 ## - INTERNATIONAL STANDARD BOOK NUMBER
International Standard Book Number 0590464264
040 ## - CATALOGING SOURCE
Original cataloging agency DLC
Transcribing agency DLC
Modifying agency DLC
042 ## - AUTHENTICATION CODE
Authentication code lcac
043 ## - GEOGRAPHIC AREA CODE
Geographic area code np-----
050 00 - LIBRARY OF CONGRESS CALL NUMBER
Classification number E 78.G73
Item number .F73 1992
100 1# - MAIN ENTRY--PERSONAL NAME
Personal name Freedman, Russell.
9 (RLIN) 15129
245 10 - TITLE STATEMENT
Title Buffalo hunt /
Statement of responsibility, etc Russell Freedman.
250 ## - EDITION STATEMENT
Edition statement 1st ed.
260 ## - PUBLICATION, DISTRIBUTION, ETC. (IMPRINT)
Place of publication, distribution, etc New York :
Name of publisher, distributor, etc Holiday House,
Date of publication, distribution, etc 1992.
300 ## - PHYSICAL DESCRIPTION
Extent 53 p. :
Other physical details ill. (some col.) ;
Dimensions 23 cm.
500 ## - GENERAL NOTE
General note Includes index.
521 ## - TARGET AUDIENCE NOTE
Target audience note
526 ## - STUDY PROGRAM INFORMATION NOTE
Reading level 1000
650 #0 - SUBJECT ADDED ENTRY--TOPICAL TERM
Topical term or geographic name as entry element Indians of North America
Geographic subdivision Great Plains
General subdivision Juvenile literature.
9 (RLIN) 27425
650 #0 - SUBJECT ADDED ENTRY--TOPICAL TERM
Topical term or geographic name as entry element Indians of North America
General subdivision Hunting
Geographic subdivision Great Plains
General subdivision Juvenile literature.
9 (RLIN) 27426
650 #0 - SUBJECT ADDED ENTRY--TOPICAL TERM
Topical term or geographic name as entry element American bison
General subdivision Juvenile literature.
9 (RLIN) 27427
650 #1 - SUBJECT ADDED ENTRY--TOPICAL TERM
Topical term or geographic name as entry element Indians of North America
Geographic subdivision Great Plains.
9 (RLIN) 27428
650 #1 - SUBJECT ADDED ENTRY--TOPICAL TERM
Topical term or geographic name as entry element Indians of North America
General subdivision Hunting
Geographic subdivision Great Plains.
9 (RLIN) 27429
650 #1 - SUBJECT ADDED ENTRY--TOPICAL TERM
Topical term or geographic name as entry element Bison.
9 (RLIN) 27430
906 ## - LOCAL DATA ELEMENT F, LDF (RLIN)
a 7
b cbc
c orignew
d 1
e ocip
f 19
g y-gencatlg
942 ## - ADDED ENTRY ELEMENTS (KOHA)
Source of classification or shelving scheme Library of Congress Classification
Koha item type
Holdings
Withdrawn status Lost status Source of classification or shelving scheme Damaged status Home library Current library Shelving location Date acquired Total Checkouts Full call number Barcode Date last seen Copy number Price effective from Koha item type
    Library of Congress Classification   Luxembourg Library Luxembourg Library Scholastic Reading Center Section 10/10/2013   E 78.G73 .F73 1992 LEX0288 04/18/2017 1 10/10/2013 Books

Buffalo hunt /

APA

Freedman R., . (1992). Buffalo hunt. New York: Holiday House.

Chicago

Freedman Russell, . 1992. Buffalo hunt. New York: Holiday House.

Harvard

Freedman R., . (1992). Buffalo hunt. New York: Holiday House.

MLA

Freedman Russell, . Buffalo hunt. New York: Holiday House. 1992.

  • Place hold
  • Print
  • Cite
  • Add to your cart (remove)
  • Save record
    BIBTEX Dublin Core MARCXML MARC (non-Unicode/MARC-8) MARC (Unicode/UTF-8) MARC (Unicode/UTF-8, Standard) MODS (XML) RIS
  • More searches
    Search for this title in:
    Other Libraries (WorldCat) Other Databases (Google Scholar) Online Stores (Bookfinder.com) Open Library (openlibrary.org)

Exporting to Dublin Core...

SOUTHVILLE LIBRARY

Southville International School and Colleges Library

1281 Tropical Ave. Cor. Luxembourg St., BF Homes International, Las Pinas City

Tel. No. 8256374 / 252358 Loc. 117/146

Powered by Koha